Online
Catalog

Manual de instrucciones para elaborar el proyecto y la tesis de grado. (Record no. 47139)

MARC details
000 -CABECERA
campo de control de longitud fija 01497nam a2200193 a 4500
001 - NÚMERO DE CONTROL
campo de control 000047651
005 - FECHA Y HORA DE LA ÚLTIMA TRANSACCIÓN
campo de control 20201002060646.0
008 - DATOS DE LONGITUD FIJA--INFORMACIÓN GENERAL
campo de control de longitud fija 180713s2017 000 spa d
040 ## - FUENTE DE LA CATALOGACIÓN
Centro catalogador/agencia de origen DO-SdBNP
Lengua de catalogación spa
Centro/agencia transcriptor BNPHU
082 ## - NÚMERO DE LA CLASIFICACIÓN DECIMAL DEWEY
Número de clasificación 001.42
Número de documento/Ítem U588m
110 #2 - ENTRADA PRINCIPAL--NOMBRE DE ENTIDAD CORPORATIVA
Nombre de entidad corporativa o nombre de jurisdicción como elemento de entrada Universidad Católica Santo Domingo
Unidad subordinada República Dominicana
9 (RLIN) 11141
245 10 - MENCIÓN DE TÍTULO
Título Manual de instrucciones para elaborar el proyecto y la tesis de grado.
260 ## - PUBLICACIÓN, DISTRIBUCIÓN, ETC.
Lugar de publicación, distribución, etc. Santo Domingo :
Nombre del editor, distribuidor, etc. Universidad Católica Santo Domingo,
Fecha de publicación, distribución, etc. 2017.
300 ## - DESCRIPCIÓN FÍSICA
Extensión 59 p. ;
Dimensiones 21 cm.
505 0# - NOTA DE CONTENIDO CON FORMATO
Nota de contenido con formato Introducción --
Título El proyectode investigación --
-- Elección y definición de tema de investigación --
-- Plantiamiento del problema de investigación --
-- Formulación y sistematización del problema --
-- Objetivos de la investigación --
-- Justificación de la investigación --
-- Elaboración del marco de referencia de la investigación --
-- Aspectos metodológicos --
-- Diseño de investigación --
-- Tipo de estudio o alcance de la investigación --
-- Métodos de investigación --
-- Población y mustra --
-- Fuentes de información --
-- Técnicas de investigación --
-- Tratamiento de la información --
-- Bibliografía --
-- Indicaciones para desarrollar la investigación --
-- Normas para la presentación del informe de investigación--
-- Normas de estilo para elaborar el informe de investigación --
-- Bibliografía --
-- Anexos.
590 ## - NOTA LOCAL (RLIN)
Nota local Inventariado, 2018/VM
650 #4 - PUNTO DE ACCESO ADICIONAL DE MATERIA--TÉRMINO DE MATERIA
Término de materia o nombre geográfico como elemento de entrada Investigación científica
Subdivisión de forma MANUALES
9 (RLIN) 10507
650 #4 - PUNTO DE ACCESO ADICIONAL DE MATERIA--TÉRMINO DE MATERIA
Término de materia o nombre geográfico como elemento de entrada Metodología científica
Subdivisión de forma MANUALES
9 (RLIN) 10508
Holdings
Estado de retiro Estado de pérdida Restricciones de uso No para préstamo Código de colección Localización permanente Ubicación/localización actual Ubicación en estantería Fecha de adquisición Número de inventario Total de préstamos Signatura topográfica completa Código de barras Fecha visto por última vez Número de copia Precio válido a partir de Tipo de ítem Koha
      Excluido de préstamo Monografías: Libros y Folletos General General Depósito 13.07.2018 LF1   001.42 U588m 47651-30 25.06.2020 e. 3 25.06.2020 No se presta
      Excluido de préstamo Monografías: Libros y Folletos Patrimonio Dominicano Patrimonio Dominicano Depósito 13.07.2018 LF1   001.42 U588m 47651-10 25.06.2020 e. 2 25.06.2020 No se presta
      Excluido de préstamo Monografías: Libros y Folletos Patrimonio Dominicano Patrimonio Dominicano Depósito 13.07.2018 LF1   001.42 U588m 47651-20 25.06.2020   25.06.2020 No se presta

Powered by Koha